Statistics for Canada Provinces and Territories Quiz

Click here to take the quiz!

General Stats

  • This quiz has been taken 113,250 times
    (94,470 since last reset)
  • The average score is 10 of 13

Answer Stats

Province / Territory % Correct
Quebec
93%
Ontario
91%
Alberta
87%
British Columbia
87%
Newfoundland and Labrador
83%
Yukon
80%
Manitoba
76%
Saskatchewan
75%
Nova Scotia
74%
Prince Edward Island
74%
Northwest Territories
69%
Nunavut
65%
New Brunswick
64%

Score Distribution

Percentile by Number Answered

Percent of People with Each Score

Your Score History

You have not taken this quiz since the last reset